Mongol'skoe ongniġud feodal'nyj termin i plemennoe nazvanie /

Elmentve itt :
Bibliográfiai részletek
Szerző: Vladimircov Boris Âkovlevič
Dokumentumtípus: Cikk
Megjelent: [Izdat. Akademii nauk SSSR] [Leningrad] 1930
Sorozat:Doklady Akademii Nauk SSSR
Kulcsszavak:Mongolok története - középkor
Tárgyszavak:
Online Access:http://misc.bibl.u-szeged.hu/65221
LEADER 00856nab a2200229 i 4500
001 misc65221
005 20241001071446.0
008 230908s1930 hu o 000 rus d
040 |a SZTE Miscellanea Repozitórium  |b hun 
041 |a rus 
100 1 |a Vladimircov Boris Âkovlevič 
245 1 0 |a Mongol'skoe ongniġud   |h [elektronikus dokumentum] :  |b feodal'nyj termin i plemennoe nazvanie /  |c  Vladimircov Boris Âkovlevič 
260 |a [Izdat. Akademii nauk SSSR]  |b [Leningrad]  |c 1930 
300 |a 218-223  |c 27 cm 
300 |a [6] p.  |c 27 cm 
490 0 |a Doklady Akademii Nauk SSSR 
561 |a Németh Gyula hagyaték 
591 |a NOA 6391 
650 4 |a Bölcsészettudományok 
650 4 |a Történettudomány és régészet 
695 |a Mongolok története - középkor 
856 4 0 |u http://misc.bibl.u-szeged.hu/65221/1/6391_noa.pdf  |z Dokumentum-elérés